Towards judicial independence and accountability in kenya / (Record no. 9158)
[ view plain ]
| 000 -LEADER | |
|---|---|
| fixed length control field | 00788nam a22002292 4500 |
| 001 - CONTROL NUMBER | |
| control field | 0000020011 |
| 005 - DATE AND TIME OF LATEST TRANSACTION | |
| control field | 20151217152206.0 |
| 008 - FIXED-LENGTH DATA ELEMENTS--GENERAL INFORMATION | |
| fixed length control field | 110525s xx 000 0 eng d |
| 020 ## - INTERNATIONAL STANDARD BOOK NUMBER | |
| International Standard Book Number | 9966958479 : |
| 040 ## - CATALOGING SOURCE | |
| Original cataloging agency | KABU |
| Transcribing agency | KABU |
| 245 10 - TITLE STATEMENT | |
| Title | Towards judicial independence and accountability in kenya / |
| Statement of responsibility, etc. | Peter Wendoh (editor) |
| 250 ## - EDITION STATEMENT | |
| Edition statement | 1st ed. |
| 260 ## - PUBLICATION, DISTRIBUTION, ETC. (IMPRINT) | |
| Place of publication, distribution, etc. | Nairobi, Kenya : |
| Name of publisher, distributor, etc. | Kenyan section of the International commission of jurists, |
| Date of publication, distribution, etc. | 2010. |
| 300 ## - PHYSICAL DESCRIPTION | |
| Extent | ix, 128 p. |
| 650 #0 - SUBJECT ADDED ENTRY--TOPICAL TERM | |
| Topical term or geographic name as entry element | Law reforms |
| Geographic subdivision | Kenya. |
| -- | 0000180045 |
| 650 #0 - SUBJECT ADDED ENTRY--TOPICAL TERM | |
| Topical term or geographic name as entry element | Judicial power |
| Geographic subdivision | Kenya. |
| -- | 0000180043 |
| 700 1# - ADDED ENTRY--PERSONAL NAME | |
| Personal name | Wendoh, Peter. |
| -- | 0000180046 |
| 710 2# - ADDED ENTRY--CORPORATE NAME | |
| Corporate name or jurisdiction name as entry element | International commission of jurists. |
| Subordinate unit | Kenya section. |
| -- | 0000180032 |
| 908 ## - PUT COMMAND PARAMETER (RLIN) | |
| Put command parameter | 110525 |
| 950 ## - LOCAL HOLDINGS (RLIN) | |
| -- | 1 |
| Withdrawn status | Lost status | Source of classification or shelving scheme | Not for loan | Home library | Current library | Date acquired | Total Checkouts | Full call number | Barcode | Date last seen | Date last checked out | Price effective from | Koha item type |
|---|---|---|---|---|---|---|---|---|---|---|---|---|---|
| Library of Congress Classification | Kabarak, Main Campus | Kabarak, Main Campus | 17/12/2015 | 8 | KSK3441 .T69 2010 c.1 | 21851 | 19/11/2019 | 12/11/2019 | 17/12/2015 | General Collection |